| 000 | 01573nam a2200421 i 4500 | ||
|---|---|---|---|
| 001 | 4173719 | ||
| 003 | EG-ScBUE | ||
| 005 | 20230605095945.0 | ||
| 008 | 971106t1997 enkae f b 001 0 eng d | ||
| 020 | _a0500341559 | ||
| 020 | _a9780500341551 | ||
| 035 | _a(OCoLC)ocn690942108 | ||
| 035 | _a4173719 | ||
| 040 |
_aIXA _beng _erda _cIXA _dTJC _dCtY _dEG-ScBUE |
||
| 082 | 0 | 4 |
_222 _a726.209045 _bHOL |
| 100 | 1 |
_aHolod, Renata, _eauthor. |
|
| 245 | 1 | 4 |
_aThe mosque and the modern world : _barchitects, patrons and designs since the 1950s / _cRenata Holod and Hasan-Uddin Khan ; with the assistance of Kimberly Mims. |
| 264 | 1 |
_aLondon : _bThames and Hudson, _c[1997] |
|
| 264 | 4 | _cc1997 | |
| 300 |
_a288 pages : _billustrations (some color), plans ; _c32 cm |
||
| 336 |
_2rdacontent _atext _btxt |
||
| 337 |
_2rdamedia _aunmediated _bn |
||
| 338 |
_2rdacarrier _avolume _bnc |
||
| 500 | _aSimultaneously published in New York under title: The Contemporary mosque : architects, clients, and designs since the 1950s. | ||
| 504 | _aIncludes bibliographical references and index. | ||
| 650 | 7 |
_aMosques. _2BUEsh |
|
| 650 | 7 |
_aIslamic architecture. _2BUEsh |
|
| 650 | 7 |
_aArchitecture, Modern _y20th century. _2BUEsh |
|
| 650 | 7 |
_aRegionalism in architecture. _2BUEsh |
|
| 650 | 7 |
_aArchitects and patrons. _2BUEsh |
|
| 653 | _bENGARC | ||
| 655 | _vReading book | ||
| 700 | 1 |
_aKhan, Hasan-Uddin, _eauthor. |
|
| 700 | 1 |
_aMims, Kimberly, _eauthor. |
|
| 740 | 0 | _aContemporary mosque, architects, clients and designs since the 1950s. | |
| 942 |
_2ddc _cBB |
||
| 948 | _aHUM | ||
| 999 |
_c30304 _d30275 |
||